Podľa môjho názoru

Bibliographic Details
Main Author: Vykročil, Peter (Author)
Format: Article
Language:Slovak
Subjects:

MARC

LEADER 00000nab a2200000 a 4500
001 vtls000081773
003 SK-MaSNL
005 20260303233610.0
008 111103c1981 xo 0 slo
015 |a SNBRB19rr/mm-uuuuu 
035 |a CL0091875 
040 |a SNKBUCL  |b slo  |c SNKBUCL  |e AACR2 
041 0 |a slo 
044 |a xo  |c SK 
080 |a 82.09:885.4-2(048)  |2 1981 
080 |a 885.4-2(048)  |2 1981 
100 1 |a Vykročil, Peter  |4 aut  |9 1011244 
245 1 0 |a Podľa môjho názoru  |c Peter Vykročil 
650 0 7 |a slovenské romány  |2 snkbucl  |9 103163 
650 0 7 |a divadelné dramatizácie  |2 snkbucl  |9 1115145 
655 7 |a recenzie  |2 snkbucl  |9 21907 
655 7 |a články z odboru literárna veda a krásna literatúra  |2 snkbucl  |9 770045 
655 7 |a články z novín a časopisov  |2 snkbucl  |9 267496 
773 0 |t Sloboda  |g Roč. 36, č. 7 (1981), s. 4 
787 0 8 |i Rec.:  |a Ballek, Ladislav  |t Pomocník  |d Bratislava : Lita, 1979 
850 |a Slovenská národná knižnica 
852 |a Slovenská národná knižnica 
958 |a RK 
958 |a LX 
992 |a RBX 
999 |c 2516083  |d 2518013